000 00455nam a2200181Ia 4500
001 19336
005 20260306172645.0
008 260306t2006||||xx |||||||||||||| ||spa||
041 _aESP
082 _a658.8342
_bG78
100 _aGrande Esteban, Ildefonso
_eAUT
245 0 _aConducta real del consumidor y marketing efectivo
260 _c2006
300 _a475 páginas :
_c24 cm.
650 _aGEN
654 _aCAN
942 _cLIB
_dJUS
_fJUS
_2ddc
_n
999 _c19336
_d19336